000 00940nas a2200313 4500
001 BR2013007491
003 BR-BrBNA
005 20231205123014.0
007 ta
008 230509b bl.|||p| |||| 00| 00por d
040 _aBR-BrBNA
_bpor
_cBiblioteca Nacional de Agricultura
041 _a(En)
072 _aQ04
100 1 _aCruz, C.A.C. da
100 1 _aSantos-Cruz, C.L. dos
100 1 _aCastillo, C.J.C.
100 1 _aSouza, A.O. de
100 1 _aSilva, L.B. da
100 1 _aBrito, P.N.
245 1 _aLipidic characterization of Santa Inês lamb shoulder
650 _aLIPÍDIO
650 _aCORDEIRO
650 _aÁCIDO GRAXO
650 _aCOLESTEROL
773 0 _tCiência e Tecnologia de Alimentos (Brazil)
_xISSN 1678-457X
_g(Apr-Jun 2011), v. 31(2) p. 508-516
_wBR2013007491
856 4 0 _uhttp://www.scielo.br/pdf/cta/v31n2/v31n2a36.pdf
909 _a202311
_bLúcia
_c55
_dLúcia Elande
942 _2AGRIS
_n0
_cANA
999 _c231723
_d231723